|
|
|
|
| LEADER |
01868nam a22004093i 4500 |
| 001 |
EBC7143733 |
| 003 |
MiAaPQ |
| 005 |
20231204023228.0 |
| 006 |
m o d | |
| 007 |
cr cnu|||||||| |
| 008 |
231204s2022 xx o ||||0 eng d |
| 020 |
|
|
|a 9781801179560
|q (electronic bk.)
|
| 020 |
|
|
|z 9781801179591
|
| 035 |
|
|
|a (MiAaPQ)EBC7143733
|
| 035 |
|
|
|a (Au-PeEL)EBL7143733
|
| 035 |
|
|
|a (OCoLC)1373989138
|
| 040 |
|
|
|a MiAaPQ
|b eng
|e rda
|e pn
|c MiAaPQ
|d MiAaPQ
|
| 050 |
|
4 |
|a HM(1)-1281
|
| 082 |
0 |
|
|a 360
|
| 100 |
1 |
|
|a Striebing, Clemens.
|
| 245 |
1 |
0 |
|a Diversity and Discrimination in Research Organizations.
|
| 250 |
|
|
|a 1st ed.
|
| 264 |
|
1 |
|a Bingley :
|b Emerald Publishing Limited,
|c 2022.
|
| 264 |
|
4 |
|c ©2023.
|
| 300 |
|
|
|a 1 online resource (481 pages)
|
| 336 |
|
|
|a text
|b txt
|2 rdacontent
|
| 337 |
|
|
|a computer
|b c
|2 rdamedia
|
| 338 |
|
|
|a online resource
|b cr
|2 rdacarrier
|
| 520 |
|
|
|a The ebook edition of this title is Open Access and freely available to read online. Diversity and Discrimination in Research Organizationsconsiders whether and to what extent the social identity of the academic workforce affects their individual integration in research organizations.
|
| 588 |
|
|
|a Description based on publisher supplied metadata and other sources.
|
| 590 |
|
|
|a Electronic reproduction. Ann Arbor, Michigan : ProQuest Ebook Central, 2023. Available via World Wide Web. Access may be limited to ProQuest Ebook Central affiliated libraries.
|
| 655 |
|
4 |
|a Electronic books.
|
| 700 |
1 |
|
|a Müller, Jörg.
|
| 700 |
1 |
|
|a Schraudner, Martina.
|
| 776 |
0 |
8 |
|i Print version:
|a Striebing, Clemens
|t Diversity and Discrimination in Research Organizations
|d Bingley : Emerald Publishing Limited,c2022
|z 9781801179591
|
| 797 |
2 |
|
|a ProQuest (Firm)
|
| 856 |
4 |
0 |
|u https://ebookcentral.proquest.com/lib/matrademy/detail.action?docID=7143733
|z Click to View
|